000
00259nam a2200109Ia 4500
008
220204s9999 xx 000 0 und d
082
_a
82-3FRI
_b
SES
100
_a
Frith, M
245
0
_a
Sesame street treasury
260
_a
New York
_b
Random
_c
1979
942
_c
BK
999
_c
38510
_d
38510